What I Saw in America (Record no. 256505)
[ view plain ]
| 000 -LEADER | |
|---|---|
| fixed length control field | 01487cam a22002893a 4500 |
| 001 - CONTROL NUMBER | |
| control field | 27250 |
| 003 - CONTROL NUMBER IDENTIFIER | |
| control field | PGUSA |
| 005 - DATE AND TIME OF LATEST TRANSACTION | |
| control field | 20140828083605.0 |
| 008 - FIXED-LENGTH DATA ELEMENTS--GENERAL INFORMATION | |
| fixed length control field | 081113s2008||||xxu|||||s|||||000 | eng d |
| 040 ## - CATALOGING SOURCE | |
| Original cataloging agency | PGUSA |
| Language of cataloging | eng |
| 042 ## - AUTHENTICATION CODE | |
| Authentication code | dc |
| 050 #4 - LIBRARY OF CONGRESS CALL NUMBER | |
| Classification number | E151 |
| 100 1# - MAIN ENTRY--PERSONAL NAME | |
| Personal name | Chesterton, G. K. |
| Fuller form of name | (Gilbert Keith), |
| Dates associated with a name | 1874-1936 |
| 245 10 - TITLE STATEMENT | |
| Title | What I Saw in America |
| Medium | [electronic resource] / |
| Statement of responsibility, etc | G. K. Chesterton |
| 260 ## - PUBLICATION, DISTRIBUTION, ETC. (IMPRINT) | |
| Name of publisher, distributor, etc | Project Gutenberg, |
| Date of publication, distribution, etc | 2008 |
| 505 0# - FORMATTED CONTENTS NOTE | |
| Formatted contents note | What is America? -- A meditation in a New York hotel -- A meditation in Broadway -- Irish and other interviewers -- Some American cities -- In the American country -- The American business man -- Presidents and problems -- Prohibition in fact and fancy -- Fads and public opinion -- The extraordinary American -- The Republican in the ruins -- Is the Atlantic narrowing? -- Lincoln and lost causes -- Wells and the world state -- A new Martin Chuzzlewit -- The spirit of America -- The spirit of England -- The future of democracy. |
| 506 ## - RESTRICTIONS ON ACCESS NOTE | |
| Terms governing access | Public domain in the USA. |
| 516 ## - TYPE OF COMPUTER FILE OR DATA NOTE | |
| Type of computer file or data note | Electronic text |
| 653 ## - INDEX TERM--UNCONTROLLED | |
| Uncontrolled term | Chesterton, G. K. (Gilbert Keith), 1874-1936 -- Travel -- United States |
| 653 ## - INDEX TERM--UNCONTROLLED | |
| Uncontrolled term | United States -- Civilization -- 1918-1945 |
| 653 ## - INDEX TERM--UNCONTROLLED | |
| Uncontrolled term | National characteristics, American |
| 653 ## - INDEX TERM--UNCONTROLLED | |
| Uncontrolled term | United States -- Social life and customs -- 1918-1945 |
| 653 ## - INDEX TERM--UNCONTROLLED | |
| Uncontrolled term | United States -- Description and travel |
| 830 #0 - SERIES ADDED ENTRY--UNIFORM TITLE | |
| Uniform title | Project Gutenberg |
| Volume number/sequential designation | 27250 |
| 856 40 - ELECTRONIC LOCATION AND ACCESS | |
| Uniform Resource Identifier | <a href="http://www.gutenberg.org/ebooks/27250">http://www.gutenberg.org/ebooks/27250</a> |
| 942 ## - ADDED ENTRY ELEMENTS (KOHA) | |
| Koha item type | eBooks |
| Withdrawn status | Lost status | Damaged status | Home library | Current library | Date acquired | Total Checkouts | Date last seen | Price effective from | Koha item type |
|---|---|---|---|---|---|---|---|---|---|
| Project Gutenberg | Project Gutenberg | 08/28/2014 | 08/28/2014 | 08/28/2014 | eBooks |